Fundamentals of Financial Management (Record no. 14111)
[ view plain ]
| 000 -LEADER | |
|---|---|
| fixed length control field | 00412nam a22001577a 4500 |
| 020 ## - INTERNATIONAL STANDARD BOOK NUMBER | |
| ISBN | 9788131518571 |
| 082 ## - DEWEY DECIMAL CLASSIFICATION NUMBER | |
| Classification number | 658 |
| Item number | HOU/FU |
| 100 ## - MAIN ENTRY--AUTHOR NAME | |
| Personal name | Brigham Eugene F |
| -- | Houston, Joel F |
| 245 ## - TITLE STATEMENT | |
| Title | Fundamentals of Financial Management |
| 250 ## - EDITION STATEMENT | |
| Edition statement | 12 |
| 260 ## - PUBLICATION, DISTRIBUTION, ETC. (IMPRINT) | |
| Place of publication | New Delhi |
| Name of publisher | Cengage Learning |
| Year of publication | 2012 |
| 300 ## - PHYSICAL DESCRIPTION | |
| Number of Pages | 674 |
| 650 ## - SUBJECT ADDED ENTRY--TOPICAL TERM | |
| Topical Term | Financial Management |
| 700 ## - ADDED ENTRY--PERSONAL NAME | |
| Personal name | Houston, Joel F |
| 942 ## - ADDED ENTRY ELEMENTS (KOHA) | |
| Koha item type | Books |
| Withdrawn status | Lost status | Damaged status | Collection code | Home library | Current library | Shelving location | Date acquired | Full call number | Accession Number | Koha item type |
|---|---|---|---|---|---|---|---|---|---|---|
| KAUAET | KAUAET | General Stacks | 08/12/2014 | 658 HOU/FU | 24156 | Books | ||||
| KAUAET | KAUAET | General Stacks | 08/12/2014 | 658 HOU/FU | 24157 | Books | ||||
| KAUAET | KAUAET | General Stacks | 08/12/2014 | 658 HOU/FU | 24158 | Books | ||||
| KAUAET | KAUAET | General Stacks | 08/12/2014 | 658 HOU/FU | 24159 | Books | ||||
| KAUAET | KAUAET | General Stacks | 08/12/2014 | 658 HOU/FU | 24160 | Books |
